Odvodový bonus zmena paradigmy
Gespeichert in:
| 1. Verfasser: | |
|---|---|
| Format: | Buch |
| Sprache: | Slowakisch |
| Veröffentlicht: |
Bratislava
Trend Visual
2006
|
| Ausgabe: | 2. rozš. vyd. |
| Schlagworte: | |
| Tags: |
Keine Tags, Fügen Sie das erste Tag hinzu!
|
MARC
| LEADER | 00000nlm$a2200000$$$4500 | ||
|---|---|---|---|
| 001 | 0053493 | ||
| 005 | 20221207101224.9 | ||
| 020 | |a 80-969378-1-2 | ||
| 041 | 0 | |a slo | |
| 044 | |a SK | ||
| 245 | 1 | 0 | |a Odvodový bonus |b zmena paradigmy |c Richard Sulík |
| 250 | |a 2. rozš. vyd. | ||
| 264 | 1 | |a Bratislava |b Trend Visual |c 2006 | |
| 300 | |a CD-ROM | ||
| 500 | |a CD-ROM obsahuje aj 1. vydanie knihy s dátami | ||
| 610 | 2 | 0 | |a spoločnosť |
| 610 | 2 | 0 | |a demografia |
| 610 | 2 | 0 | |a vývoj populačný |
| 610 | 2 | 0 | |a financie |
| 610 | 2 | 0 | |a štát |
| 610 | 2 | 0 | |a občania |
| 610 | 2 | 0 | |a paradigma |
| 610 | 2 | 0 | |a odvody |
| 610 | 2 | 0 | |a obdobie prechodné |
| 610 | 2 | 0 | |a dane |
| 610 | 2 | 0 | |a dane rovné |
| 610 | 2 | 0 | |a vzťahy medzinárodné |
| 610 | 2 | 0 | |a kapitalizmus |
| 610 | 2 | 0 | |a financie verejné |
| 610 | 2 | 0 | |a daňovníci |
| 610 | 2 | 0 | |a priznania daňové |
| 610 | 2 | 0 | |a legislatíva |
| 610 | 2 | 0 | |a analýzy |
| 610 | 2 | 0 | |a prognózy |
| 610 | 2 | 0 | |a dokumenty |
| 610 | 2 | 0 | |a zákony |
| 610 | 2 | 0 | |a právo medzinárodné |
| 610 | 2 | 0 | |a dopad daňový |
| 610 | 2 | 0 | |a Slovensko |
| 100 | 1 | |a Sulík, Richard | |